zpět

Detail výsledku týmu

Za Vodojemem, Chrudim

Datum a čas kvízu

21 Celkem bodů Celkový počet nahraných bodů na tomto kvízu bez doplňovacích otázek.
9. Pořadí na kvízu Konečné umístění týmu na tomto kvízu.

Zaznamenané odpovědi

# Otázka Odpověď Body Výsledky
1. V pondělí byl na hradě Špilber... D) je nafukovací 0
2. Minulý týden jsme se dozvěděli... pilot si zapomněl cestovní pas 1
3. Minulý týden byla odtajněna jm... Červený trpaslík, Kocour 0
4. V loterii Eurojackpot padla je... ze Švédska 1
5. Letošní sezóna Formule 1 má za... Red Bull 0
6. Grónsko má v dánském parlament... Faerským ostrovům 0
7. Pokud byste chtěli okusit jedn... A 1
8. Že je Grónsko největším ostrov... B 0
9. Které tvrzení o Grónsku je pra... D 0
10. Pod kterým písmenem je snímek... A 0